Top 10 - Noem de landen wereldwijd met de beste keuken - Statistieken

Algemene statistieken
  • Deze quiz is 46 keer genomen
  • De gemiddelde score is 7 van 10
Antwoordstatistieken
Antwoord % Correct
Italië
92%
Frankrijk
89%
Japan
89%
Spanje
89%
China
86%
Griekenland
65%
Mexico
62%
Portugal
54%
Indonesië
51%
Peru
3%
Geen overeenkomende quizzen gevonden
Scoreverdeling
Procent van Mensen met Elke Score
Percentiel versus Aantal Correcte Antwoorden
Uw Scoregeschiedenis
U heeft deze quiz nog niet genomen